<?xml version="1.0" encoding="UTF-8"?>
<collection xmlns="http://www.loc.gov/MARC21/slim">
  <record>
    <leader>00000nam  2200000   4500</leader>
    <controlfield tag="001">INLIS000000000018546</controlfield>
    <controlfield tag="005">20241122012911</controlfield>
    <datafield tag="035" ind1="#" ind2="#">
      <subfield code="a">0010-1124000212</subfield>
    </datafield>
    <controlfield tag="007">ta</controlfield>
    <controlfield tag="008">241122###########################0######</controlfield>
    <datafield tag="245" ind1="#" ind2="#">
      <subfield code="a">GPS TEKLING :</subfield>
      <subfield code="b">Gerakan Peduli Sampah Teknik Lingkungan /</subfield>
      <subfield code="c">Awwalini Maghfirah Salim, ST., MT.</subfield>
    </datafield>
    <datafield tag="260" ind1="#" ind2="#">
      <subfield code="a">Makassar :</subfield>
      <subfield code="b">Puslatbang KMP RI LAN Makassar,</subfield>
      <subfield code="c">2024</subfield>
    </datafield>
    <datafield tag="300" ind1="#" ind2="#">
      <subfield code="a">40 ;</subfield>
      <subfield code="c">30</subfield>
    </datafield>
    <datafield tag="650" ind1="#" ind2="4">
      <subfield code="a">Infografis pengelolaan sampah</subfield>
    </datafield>
    <datafield tag="700" ind1=" " ind2="#">
      <subfield code="a">Dr. Setiyawan, S.T., M.T. (Mentor)</subfield>
    </datafield>
    <datafield tag="700" ind1=" " ind2="#">
      <subfield code="a">Luthfina Thalitha EZ, SH (Coach)</subfield>
    </datafield>
    <datafield tag="520" ind1="#" ind2="#">
      <subfield code="a">Pembuatan infografis pengelolaan sampah, sosialisasi edukasi terkait manajemen sampah, pelaksanaan Hari Bersih Kampus, serta desain komposter merupakan bagian dari upaya terpadu untuk menciptakan lingkungan yang lebih bersih dan berkelanjutan. Inisiatif ini tidak hanya mendorong keterlibatan aktif masyarakat kampus dalam pengelolaan sampah, tetapi juga bertujuan untuk meningkatkan kesadaran dan pemahaman mengenai pentingnya meminimalkan limbah melalui pendekatan 3R (Reduce, Reuse, Recycle). Melalui infografis yang menarik, sosialisasi yang komprehensif, dan kegiatan bersih-bersih di kampus, program ini mendorong perubahan perilaku di tingkat individu dan kolektif. Selain itu, pembuatan desain komposter menjadi solusi konkret dalam mengatasi limbah organik dengan cara yang ramah lingkungan. Semua kegiatan ini dilakukan dengan mengintegrasikan nilai-nilai ASN BERAKHLAK (Berorientasi Pelayanan, Akuntabel, Kompeten, Harmonis, Loyal, Adaptif, Kolaboratif). Program ini bertujuan untuk membangun lingkungan yang harmonis dan berkelanjutan melalui kolaborasi lintas sektoral, serta mengembangkan kompetensi dan tanggung jawab semua pihak terkait dalam menjaga kebersihan lingkungan.</subfield>
    </datafield>
    <datafield tag="856" ind1="#" ind2="#">
      <subfield code="a">PUSLATBANG KMP LAN RI Makassar</subfield>
    </datafield>
  </record>
</collection>
